000 00567nam a2200229Ia 4500
003 OSt
005 20220928145211.0
006 a|||||r|||| 00| 0
007 ta
008 220927b |||||||| |||| 00| 0 eng d
024 _a79389
037 _cTextual
040 _aSDCL
_cSDCL
_beng
041 _2eng
_aeng
082 _aX:(B2893), N9
100 _aBaumol William J
245 0 _aEconomic theory and operations analysis.
250 _a4
260 _c1999
942 _hX:(B2893), N9
_cTEXL
_2CC
999 _c832481
_d832481